Fundamentals of modern physics

Salvato in:
Dettagli Bibliografici
Autore principale: Eisberg, Robert Martin (Autore)
Natura: Libro
Lingua:inglese
Pubblicazione: Nueva York John Wiley 1964
Soggetti:
Tags: Aggiungi Tag
Nessun Tag, puoi essere il primo ad aggiungerne!!

MARC

LEADER 00000nam a2200000 a 4500
001 UCT1459
003 CL-VaPUC
008 960927e19640000US |||||||||||||||||eng|d
082 0 4 |a 539  |b EIS  |2 21 
100 0 |a Eisberg, Robert Martin  |e author  |9 370364 
245 1 0 |a Fundamentals of modern physics 
300 |a 729 p 
942 |c BK 
945 |d 19960927 00:00:00  |a paguirre 
260 |a Nueva York  |b John Wiley  |c 1964 
650 0 |a Física   |9 227844 
650 0 |a Teoría de la relatividad   |9 266149 
650 0 |a Física teórica  |9 345827 
650 7 |a RADIACTIVIDAD  |2 CL-VaPUC  |9 354956 
650 0 |a Átomos  |9 259583 
650 7 |a ELECTRONES  |2 CL-VaPUC  |9 322158 
650 0 |a Rayos X  |9 313670 
650 0 |a Electromagnetismo   |9 260123 
583 |a last modification  |c 19960927 00:00:00  |k Rodrigo Vera 
999 |c 251981  |d 251979